00369cam a2200157ua 4500020001300000041001000013082001600023100001500039245005300054250001200107260004200119300001200161365001300173504000500186650002000191 cRs 95.00 aengh a532bJAI/FL aJain, A K. aFluid mechanics / cA K Jain.hTextual Documents a7 / b. aDelhi : bKhanna publishers , c1993. a912 ; . aRs 95.00 a aFluid mechanics